Szczegóły MARC21

Encyklopedia starości, starzenia się i niepełnosprawności. 5, Hasła uzupełniające A-Z, bibliografia, netografia, filmografia, dokumenty urzędowe, alfabetyczny spis autorów haseł, terminologia kongresowa, płyta CD /

003 -Nazwa inst., której nr kontr. jest w polu 001 [,]
    • @
    • Nazwa instytucji, której n kontrolny jest w polu 001
    • NUKAT
005 -DATA I CZAS OSTATNIEJ MODYFIKACJI [,]
    • @
    • pole kontrolne
    • 20241231091943.0
020 -Międzynarod. znormalizowany nr książki - ISBN [ , ]
    • a
    • Numer ISBN
    • 9788360781258 Find
040 -Instytucja sporządzająca opis [ , ]
    • a
    • Instytucja, która sporządziła opis (NP)
    • KIEL 010/AB
    • b
    • Język katalogowania
    • pol
    • e
    • Zasady katalogowania
    • rda
    • c
    • Instytucja, która sporządziła rekord (NP)
    • KIEL 010/AB
    • d
    • Instytucja, która zmodyfikowała rekord (P)
    • KIEL 010/TC
    • d
    • Instytucja, która zmodyfikowała rekord (P)
    • OLSZT 003/baks
942 -Rodzaj dokumentu [ , ]
    • c
    • Rodzaj dokumentu
    • Książka
245 -Strefa tytułu i oznaczenia odpowiedzialności [0,0]
    • a
    • Tytuł
    • Encyklopedia starości, starzenia się i niepełnosprawności. Find
    • n
    • Oznaczenie części (P)
    • 5,
    • p
    • Nazwa części (P)
    • Hasła uzupełniające A-Z, bibliografia, netografia, filmografia, dokumenty urzędowe, alfabetyczny spis autorów haseł, terminologia kongresowa, płyta CD /
    • c
    • Pozostałe elementy strefy tytułu i oznaczenia odpowiedzialności (NP)
    • redakcja naukowa Adam A. Zych ; posłowie Andrzej Kiejna, słowo końcowe Jan Szewieczek, zakończenie Yann Strauss.
246 -Wariant tytułu [3, ]
    • a
    • Tytuł (NP)
    • Hasła uzupełniające A-Z, bibliografia, netografia, filmografia, dokumenty urzędowe, alfabetyczny spis autorów haseł, terminologia kongresowa, płyta CD
260 -Strefa adresu wydawniczego [ , ]
    • a
    • Miejsce wydania (P)
    • Katowice :
    • b
    • Nazwa wydawcy (P)
    • Stowarzyszenie Thesaurus Silesiae - Skarb Śląski,
    • c
    • Data wydania (P)
    • 2017.
300 -Strefa opisu fizycznego [ , ]
    • a
    • Określenie formy książki i/lub objętość (NP)
    • 488, [1] strona :
    • b
    • Oznaczenie ilustracji (NP)
    • ilustracje ;
    • c
    • Format (NP)
    • 28 cm +
    • e
    • Oznaczenie dokumentu towarzyszącego (NP)
    • dysk optyczny CD-ROM.
336 -Typ zawartości [ , ]
    • a
    • Termin opisujący typ zawartości
    • Tekst
    • b
    • Kod określający zawartość
    • txt
    • 2
    • Źródło (terminu i kodu)
    • rdacontent
337 -Typ mediów [ , ]
    • a
    • Tryb odtwarzania
    • Bez urządzenia pośredniczącego
    • b
    • Kod typu mediów
    • n
    • 2
    • Źródło (terminu i kodu)
    • rdamedia
338 -Typ/rodzaj nośnika [ , ]
    • a
    • Hasło opisujące typ nośnika
    • Wolumin
    • b
    • Kod typu nośnika
    • nc
    • 2
    • Źródło (terminu i kodu)
    • rdacarrier
504 -Uwaga dot. bibliogr. załącznikowej [ , ]
    • a
    • Uwaga dot. bibliografii załącznikowej
    • Bibliografia przy hasłach i na stronach 329-440. Indeks.
536 -Uwaga dot. finansowania książki [ , ]
    • a
    • Tekst uwagi
    • Koszty produkcji nakładu dofinansowano ze środków PFRON
650 -Hasło przedmiotowe [ ,7]
    • a
    • Hasło przedmiotowe
    • Niepełnosprawność
    • v
    • Określnik formalny
    • encyklopedie.
    • 2
    • Źródło terminu
    • kaba
    • 9
    • KHW
    • 452400
650 -Hasło przedmiotowe [ ,7]
    • a
    • Hasło przedmiotowe
    • Starość
    • v
    • Określnik formalny
    • encyklopedie.
    • 2
    • Źródło terminu
    • kaba
    • 9
    • KHW
    • 452401
700 -Hasło dodatkowe - nazwa osobowa [1, ]
    • a
    • Nazwa osobowa (NP)
    • Zych, Adam A. Find
    • d
    • Daty biograficzne (NP)
    • (1945- ).
    • e
    • Określenie rodzaju współpracy
    • Redakcja
    • 9
    • KHW
    • 47224
700 -Hasło dodatkowe - nazwa osobowa [1, ]
    • a
    • Nazwa osobowa (NP)
    • Kiejna, Andrzej. Find
    • e
    • Określenie rodzaju współpracy
    • Posłowie
    • 9
    • KHW
    • 81301
700 -Hasło dodatkowe - nazwa osobowa [1, ]
    • a
    • Nazwa osobowa (NP)
    • Szewieczek, Jan. Find
    • e
    • Określenie rodzaju współpracy
    • Autor
    • 9
    • KHW
    • 476819
700 -Hasło dodatkowe - nazwa osobowa [1, ]
    • a
    • Nazwa osobowa (NP)
    • Strauss, Yann Find
    • d
    • Daty biograficzne (NP)
    • (1976- ).
    • e
    • Określenie rodzaju współpracy
    • Autor
    • 9
    • KHW
    • 476820
710 -Hasło dodatkowe - nazwa ciała zbiorowego [2, ]
    • a
    • Nazwa ciała zbiorowego lub nazwa geograficzna jako pierwszy element (NP)
    • Stowarzyszenie Thesaurus Silesiae - Skarb Śląski.
    • e
    • Rodzaj współpracy
    • Wydawca
    • 4
    • Kod relacji
    • pbl
    • 9
    • KHW
    • 452356
920 -ISBN [ , ]
    • a
    • ISBN
    • 978-83-60781-25-8 Find
Lokalizacja Data inwentaryzacji Status udost. Numer tomu Numer inwentarzowy
BG2018-12-171T.5 Hasła uzupełniające A-Z, bibliografia, netografia, filmografia, dokumenty urzędowe, alfabetyczny spis autorów haseł, terminologia kongresowa, płyta CDZ.123309
BNS2018-12-171T.5 Hasła uzupełniające A-Z, bibliografia, netografia, filmografia, dokumenty urzędowe, alfabetyczny spis autorów haseł, terminologia kongresowa, płyta CDH.32134